000 00359nam a2200169Ia 4500
003 0STCL
008 150530s9999 xx 000 0 und d
040 _aSTCL
_cSTCL
100 _aPylee, M.V.
245 _aIndias Constitution
250 _aFirst
260 _c1965
546 _aEnglish
942 _2ddc
_cBK
999 _c14753
_d14753
005 20220125165718.0